Olvido que bebemos

Guardat en:
Dades bibliogràfiques
Autor principal: Castro Villacañas, Demetrio
Format: Llibre
Idioma:Undetermined
Publicat: Madrid, España Editora Nacional 1968
Matèries:
Etiquetes: Afegir etiqueta
Sense etiquetes, Sigues el primer a etiquetar aquest registre!

MARC

LEADER 00000nam a2200000Ia 4500
008 170316s9999 xx 000 0 und d
040 |a cru BVZT 
090 |a 862 C-30o 
100 |a Castro Villacañas, Demetrio 
245 |a Olvido que bebemos 
260 |a Madrid, España  |b Editora Nacional  |c 1968 
300 |a 105 páginas 
650 |a LITERATURA ESPAÑOLA 
999 |c 9653  |d 9653 
942 |c 15 D  |h 862 C-30o  |2 z